| 000 | 01374pam a2200397 a 4500 | ||
|---|---|---|---|
| 001 | 3452157 | ||
| 003 | OSt | ||
| 005 | 20251121080512.0 | ||
| 008 | 921231s1993 nju j 000 1 eng | ||
| 010 | _a 92046736 | ||
| 020 | _a0760884161 | ||
| 020 | _a9780760884164 | ||
| 035 | _a3452157 | ||
| 040 |
_aDLC _cDLC _dDLC |
||
| 042 | _alcac | ||
| 043 | _an-us--- | ||
| 050 | 0 | 0 |
_aPZ7.H9156 _bAc 1998 |
| 082 | 0 | 0 |
_a[Fic] _220 |
| 100 | 1 | _aHunt, Irene. | |
| 245 | 1 | 0 |
_aAcross five Aprils / _cIrene Hunt. |
| 250 | _bA Teacher Resource | ||
| 260 |
_aUSA _bSundance, _c1993. |
||
| 300 |
_a32p. ; _c24 cm. |
||
| 336 |
_atext _btxt _2rdacontent |
||
| 337 |
_aunmediated _bn _2rdamedia |
||
| 338 |
_avolume _bnc _2rdacarrier |
||
| 520 | _aYoung Jethro Creighton grows from a boy to a man when he is left to take care of the family farm in Illinois during the difficult years of the Civil War. | ||
| 650 | 1 |
_aFarm life _xFiction. |
|
| 651 | 0 |
_aUnited States _xHistory _yCivil War, 1861-1865 _xJuvenile fiction. |
|
| 651 | 1 |
_aUnited States _xHistory _yCivil War, 1861-1865 _xFiction. |
|
| 651 | 1 |
_aIllinois _xFiction. |
|
| 906 |
_a7 _bcbc _corignew _d1 _eocip _f19 _gy-gencatlg |
||
| 942 |
_2lcc _cBK |
||
| 999 |
_c265296 _d265295 |
||